| 000 | 00445nam a2200193Ia 4500 | ||
|---|---|---|---|
| 001 | 14336 | ||
| 003 | GE_BSU | ||
| 008 | 181216s||||||||xx |||||||||||||| ||und|| | ||
| 040 | _cGE_BSU | ||
| 080 | _a94(410) | ||
| 100 | _aCurtis,Gila | ||
| 245 | 4 | _aThe Life and Times of Queen Anne | |
| 260 | _aLondon | ||
| 260 | _bBook club Associates | ||
| 260 | _c1972 | ||
| 300 | _a223p.25cm. | ||
| 653 | _aThe Life and Times of Queen Anne | ||
| 942 | _cBK | ||
| 999 |
_c47472 _d47472 |
||